Curso de derecho procesal concursal /

Guardado en:
Bibliografiske detaljer
Hovedforfatter: Cervantes Martínez, Jaime Daniel (autor)
Format: Bog
Sprog:spansk
Udgivet: México : Cárdenas Editor, 2003, c2003
Fag:
Tags: Tilføj Tag
Ingen Tags, Vær først til at tagge denne postø!

MARC

LEADER 00000nam^a2200000^a^4500
001 000168318
005 20250521000000.0
009 20260310101158.199
020 |a 968-401-468-4 
037 |a Acervo ITESO - Biblioteca 
041 |a ESP 
082 |a 346. 7207290269  |b CER 
100 |a Cervantes Martínez, Jaime Daniel  |e (autor) 
245 1 0 |a Curso de derecho procesal concursal /  |c J.D. Cervantes Martínez. 
264 4 |a México :  |b Cárdenas Editor,  |c 2003, c2003 
300 |a IX, 532 p. 
336 |a texto  |b txt  |2 rdacontenido 
337 |a sin mediación  |b n  |2 rdamedio 
338 |a volumen  |b nc  |2 rdasoporte 
649 |a XX 
650 |a Concursos Mercantiles -  |z México 
650 |a Concurso (Derecho) -  |z México 
650 |a Procedimientos Civiles -  |z México 
650 |a Derecho Procesal Mercantil -  |z México 
650 |a Derecho Procesal -  |z México 
650 |a Derecho Mercantil -  |z México 
650 |a Derecho Civil -  |z México 
650 |a Derecho Privado -  |z México 
910 |a Fondo General 
920 |a Impresos - Libros 
930 |a Colección General 
905 |a 101 
901 |a 0500104587  |b IT1  |c ACC  |u 20250521 
901 |a 0500104590  |b IT1  |c ACC  |u 20250521 
902 |a https://opac.biblio.iteso.mx/vufind/Record/000168318